| 000 | 00000nam##2200000za#4500 |
| 001 | 9.600147 |
| 003 | CaOODSP |
| 005 | 20240501092931 |
| 007 | cr ||||||||||| |
| 008 | 150406|1996||||xxc|||||o f|0| 0 fre|d |
| 040 | |aCaOODSP|bfre |
| 043 | |an-cn--- |
| 086 | 1 |aPS83-3/52F-PDF |
| 110 | 2 |aService correctionnel Canada. |
| 245 | 10|aExamen opérationnel de la fiabilité, de la validité et de l'utilité pratique de l'échelle de classement par niveau de sécurité / |h[ressource électronique]|c[par] Brian A. Grant, Larry Motiuk, Louis Brunet, Linda Lefebvre et Pierre Courturier. |
| 260 | |bService correctionnel Canada |cAoût 1996. |
| 300 | |a80p.|bgraphiques, références, tableaux |
| 490 | 1 |aRapport de recherche|v[R-52] |
| 590 | |a10-15-Supp|b2010-12-10 |
| 720 | 1 |aGrant, Brian A. |
| 720 | 1 |aBrunet, Louis |
| 720 | 1 |aMotiuk, Larry |
| 720 | 1 |aLefebvre, Linda |
| 720 | 1 |aCouturier, Pierre |
| 775 | 08|tDay Parole Program review : |w(CaOODSP)9.568885 |
| 830 | #0|aRapport de recherche (Service correctionnel Canada. Direction de la recherche)|v[R-52]|w(CaOODSP)9.502465 |
| 856 | 40|ahttp://publications.gc.ca|qPDF|s430 Ko|uhttps://publications.gc.ca/collections/collection_2010/scc-csc/PS83-3-52-fra.pdf|y[R-52] |